000 00651nam a2200205 i 4500
001 82494
003 ES-MaACL
007 t|
008 041110s1974 sp ||||1| spa d
100 0 _aIllich, Ivan,
_d1926-2002
_965195
245 1 3 _aLa sociedad desescolarizada /
_cIvan Illich ; [traducción de Gerardo Espinosa].
250 _a[1ª ed.].
260 _a[Barcelona] :
_bBarral,
_c1974.
300 _a148 p. ;
_c19 cm.
490 1 _aBreve biblioteca de respuesta
700 1 _aP. de Gossmans, Matea.
_988080
830 0 _aBreve biblioteca de respuesta
_9183536
852 _aES-MaACL
_jE-6380
_bR.90385
999 _c82494
_d82494